| 000 | 00689nam a2200229Ia 4500 | ||
|---|---|---|---|
| 001 | 15905 | ||
| 003 | GE_BSU | ||
| 008 | 181216s||||||||xx |||||||||||||| ||und|| | ||
| 040 | _cGE_BSU | ||
| 080 | _a821.353.1-32 | ||
| 100 | _aხალვაში, ფრიდონ | ||
| 245 | _aდღე კაცისა | ||
| 245 | _bმოთხრობები | ||
| 245 | _cრედ.მ.ჯაფარიძე. მხ. გ.ფოცხიშვილი | ||
| 260 | _aთბილისი | ||
| 260 | _bმერანი | ||
| 260 | _c1968 | ||
| 300 | _a159გვ. ; 16სმ | ||
| 653 | _aდღე კაცისა | ||
| 653 | _aმოთხრობები | ||
| 942 | _cBK | ||
| 999 |
_c49000 _d49000 |
||